| 000 | 00477nam a22001337a 4500 | ||
|---|---|---|---|
| 008 | 230425b |||||||| |||| 00| 0 eng d | ||
| 040 |
_aNational Science Library _cNational Science Library |
||
| 080 |
_a523.72 _bL5 |
||
| 100 | 1 |
_aSpender, J W _97415 |
|
| 245 |
_aSydney solar tables: _bTables for soalar position and radiation for sydney (Latitude 34 S) in SI units |
||
| 260 |
_aAustralia: _bCommonwealth Scientific and Industrial, _c1975 |
||
| 300 | _a91p. | ||
| 942 |
_2udc _cBK |
||
| 999 |
_c23219 _d23219 |
||